The sacrifice of Africa : (Record no. 120580)
[ view plain ]
| 000 -LEADER | |
|---|---|
| fixed length control field | 02030cam a2200373 a 4500 |
| 001 - CONTROL NUMBER | |
| control field | 8362658 |
| 003 - CONTROL NUMBER IDENTIFIER | |
| control field | ARRUPE |
| 005 - DATE AND TIME OF LATEST TRANSACTION | |
| control field | 20140530112057.0 |
| 008 - FIXED-LENGTH DATA ELEMENTS--GENERAL INFORMATION | |
| fixed length control field | 100603s2011 miu b 001 0 eng |
| 010 ## - LIBRARY OF CONGRESS CONTROL NUMBER | |
| LC control number | 2010023292 |
| 020 ## - INTERNATIONAL STANDARD BOOK NUMBER | |
| International Standard Book Number | 9780802862686 (pbk. : alk. paper) |
| 020 ## - INTERNATIONAL STANDARD BOOK NUMBER | |
| International Standard Book Number | 0802862683 (pbk. : alk. paper) |
| 024 ## - OTHER STANDARD IDENTIFIER | |
| Standard number or code | 40018784406 |
| 035 ## - SYSTEM CONTROL NUMBER | |
| System control number | (OCoLC)ocn635490776 |
| 035 ## - SYSTEM CONTROL NUMBER | |
| System control number | (OCoLC)635490776 |
| 035 ## - SYSTEM CONTROL NUMBER | |
| System control number | (NNC)8362658 |
| 040 ## - CATALOGING SOURCE | |
| Original cataloging agency | DLC |
| Transcribing agency | DLC |
| Modifying agency | YDX |
| -- | BTCTA |
| -- | YDXCP |
| -- | LNT |
| 043 ## - GEOGRAPHIC AREA CODE | |
| Geographic area code | fb----- |
| 050 00 - LIBRARY OF CONGRESS CALL NUMBER | |
| Classification number | BR1430 |
| Item number | .K38 2011 |
| 082 00 - DEWEY DECIMAL CLASSIFICATION NUMBER | |
| Classification number | 261.70967 |
| Edition number | 22 |
| 300 ## - PHYSICAL DESCRIPTION | |
| Dimensions | 23 cm. |
| 100 1# - MAIN ENTRY--PERSONAL NAME | |
| Personal name | Katongole, Emmanuel, |
| Dates associated with a name | 1960- |
| 9 (RLIN) | 10496 |
| 245 14 - TITLE STATEMENT | |
| Title | The sacrifice of Africa : |
| Remainder of title | a political theology for Africa / |
| Statement of responsibility, etc | Emmanuel Katongole. |
| 260 ## - PUBLICATION, DISTRIBUTION, ETC. (IMPRINT) | |
| Place of publication, distribution, etc | Grand Rapids, Mich. : |
| Name of publisher, distributor, etc | W.B. Eerdmans Pub., |
| Date of publication, distribution, etc | 2011. |
| 300 ## - PHYSICAL DESCRIPTION | |
| Extent | xii, 203 p. ; |
| 490 1# - SERIES STATEMENT | |
| Series statement | The Eerdmans Ekklesia series |
| 504 ## - BIBLIOGRAPHY, ETC. NOTE | |
| Bibliography, etc | Includes bibliographical references and index. |
| 505 0# - FORMATTED CONTENTS NOTE | |
| Formatted contents note | Introduction: On being saved from King Leopold's ghost -- I. Sacrificing Africa. Saving Africa : the reticence of Christianity -- Reimagining social ethics in Africa : from skills to stories -- Performing Africa : stories, politics, and the social imagination of Africa -- II. Daring to invent the future. Daring to invent the future : the madness of Thomas Sankara -- "A different world right here" : Jean-Marc Éla and reimagining the church in Africa -- Things fall apart : Christianity, power, violence, and marginality -- III. The sacrifice of Africa. Fighting tribalism "in a small way" : Bishop Paride Taban and the Kuron Peace Village -- The sacrifice of Africa : Angelina Atyam and the politics of forgiveness -- Gathering the fragments of a new future : Maggy Barankitse and Maison Shalom. |
| 650 #0 - SUBJECT ADDED ENTRY--TOPICAL TERM | |
| Topical term or geographic name as entry element | Christianity and politics |
| Geographic subdivision | Africa, Sub-Saharan |
| General subdivision | History. |
| 9 (RLIN) | 10497 |
| 650 #0 - SUBJECT ADDED ENTRY--TOPICAL TERM | |
| Topical term or geographic name as entry element | Political theology |
| Geographic subdivision | Africa, Sub-Saharan. |
| 9 (RLIN) | 10498 |
| 830 #0 - SERIES ADDED ENTRY--UNIFORM TITLE | |
| Uniform title | Eerdmans Ekklesia series. |
| 9 (RLIN) | 10499 |
| 942 ## - ADDED ENTRY ELEMENTS (KOHA) | |
| Source of classification or shelving scheme | Library of Congress Classification |
| Koha item type | Monograph ( Printed materials) |
| 948 1# - LOCAL PROCESSING INFORMATION (OCLC); SERIES PART DESIGNATOR (RLIN) | |
| Series part designator, SPT (RLIN) | 20110127 |
| b (OCLC) | c |
| c (OCLC) | as2107 |
| d (OCLC) | MPS |
| Withdrawn status | Lost status | Source of classification or shelving scheme | Damaged status | Not for loan | Collection code | Home library | Current library | Shelving location | Date acquired | Total Checkouts | Full call number | Barcode | Date last seen | Date checked out | Price effective from | Koha item type |
|---|---|---|---|---|---|---|---|---|---|---|---|---|---|---|---|---|
| Library of Congress Classification | Main Collection | ARRUPE LIBRARY | ARRUPE LIBRARY | Main Collection | 30/05/2014 | 1 | BR1430 .K38 2011 | 46500000685 | 13/04/2021 | 30/03/2021 | 30/05/2014 | Monograph ( Printed materials) | ||||
| Library of Congress Classification | Main Collection | ARRUPE LIBRARY | ARRUPE LIBRARY | Main Collection | 13/03/2020 | BR1430 .K38 2011 | 46600006732 | 13/03/2020 | 13/03/2020 | Monograph ( Printed materials) |